000 00301nam a2200133 a 4500
008 100910s1976|||| d
100 1 _aDumas, Alexander
245 1 0 _aGrófka de Charny
250 _aI diel
020 _c75
044 _axo
_cSK
041 _aslo
260 _c1976
_aBratislava
_bTatran
999 _c10281
_d10281